000 00588nam a2200217Ia 4500
999 _c3838
_d3838
003 0100
008 130227s9999 xx 000 0 und d
040 _cARRUPELIB
050 _aG286.H5B3
100 _aBeazley, Charles Raymond
_935889
245 _aPrince Henry the Navigator
245 _bThe hero of Portugal and of modern discovery 1395-1460 A.D.
260 _aCharleston, US
260 _bBiblioBazaar
300 _a284p
300 _b 22cm
440 _aBiblioBazaar reproductive series
_935890
600 _aHenry the Navigator
_935891
650 _bDiscoveries (in geography)
_924030
942 _2lcc
_cMONOGRAPH